• 首页
  • 本馆介绍
  • 公告通知
  • 最新文献
  • 馆藏检索
  • 电子资源
  • 读者导购
  • 参考咨询
  • 我的图书馆
  • 登录
  • 详细信息显示
  • 放入我的书架
  • 预约/预借图书
  • 作者相关作品
  • 分类相关作品
  • 丛书相关作品
  • 出版社相关作品

书目信息

  • 表格格式
  • 工作单格式
  • 卡片格式
题名:
《马克思恩格斯与马克思主义》柯柏年等译本考
    
 
作者: 吴兴德 著
分册:  
出版信息: 沈阳   辽宁人民出版社  2021.04
页数: 25, 410页
开本: 23cm
丛书名: 马克思主义经典文献传播通考
单 册:
中图分类: A821.61
科图分类:
主题词: 马克思主义哲学--ma ke si zhu yi zhe xue--列宁著作研究
电子资源:
ISBN: 978-7-205-10147-3
000 01242nam 2200277 450
001 CAL 0120217135680
005 20230217093111.0
010    @a978-7-205-10147-3@b精装@dCNY128.00
100    @a20210524d2021 em y0chiy0120 ea
101 0  @achi
102    @aCN@b210000
105    @ay a 000yy
106    @ar
200 1  @a《马克思恩格斯与马克思主义》柯柏年等译本考@A《 ma ke si en ge si yu ma ke si zhu yi 》 ke bai nian deng yi ben kao@f吴兴德著
210    @a沈阳@c辽宁人民出版社@d2021.04
215    @a25, 410页@d23cm
225 2  @a马克思主义经典文献传播通考@Ama ke si zhu yi jing dian wen xian chuan bo tong kao
300    @a国家出版基金项目 本丛书研究得到“教育部哲学社会科学研究‘庆祝中国共产党成立百年’重大项目”资助
320    @a有书目 (第90-92页)
330    @a本书收录了列宁在各个时期创作的有关马克思恩格斯生平及理论体系的38篇文章, 是列宁系统阐述马克思主义科学内涵的重要成果。该书内容包括: 《马克思恩格斯与马克思主义》原版考释 ; 《马克思恩格斯与马克思主义》柯柏年等译本等。
410  0 @12001 @a马克思主义经典文献传播通考
606 0  @a马克思主义哲学@Ama ke si zhu yi zhe xue@x列宁著作研究
690    @aA821.61@v5
701  0 @a吴兴德@Awu xing de@4著
801  0 @aCN@bBJXHZP@c20230228
905    @b1407746-8@dA821.61@e44@f3
    
    《马克思恩格斯与马克思主义》柯柏年等译本考/吴兴德著.-沈阳:辽宁人民出版社,2021.04
    25, 410页;23cm.-(马克思主义经典文献传播通考)
    国家出版基金项目 本丛书研究得到“教育部哲学社会科学研究‘庆祝中国共产党成立百年’重大项目”资助
    
    ISBN 978-7-205-10147-3(精装):CNY128.00
    本书收录了列宁在各个时期创作的有关马克思恩格斯生平及理论体系的38篇文章, 是列宁系统阐述马克思主义科学内涵的重要成果。该书内容包括: 《马克思恩格斯与马克思主义》原版考释 ; 《马克思恩格斯与马克思主义》柯柏年等译本等。
●
相关链接 在E读中查询图书 在五车中查询图书 在当当中查询图书 在豆瓣中查询图书


正题名:《马克思恩格斯与马克思主义》柯柏年等译本考     索取号:A821.61/44         预约/预借

序号 登录号 条形码 馆藏地/架位号 状态 备注
1 1407746   214077461   第一样本阅览室/ [索取号:A821.61/44] 在馆    
2 1407747   214077470   第一借阅区/ [索取号:A821.61/44] 在馆    
3 1407748   214077489   第一借阅区/ [索取号:A821.61/44] 在馆    
唐山师范学院图书馆 欢迎您!
大连网信软件有限公司© 版权所有